personnage naruto - Statistiques

Statistiques générales
  • Ce quiz a été pris 294 fois
    289 depuis la dernière actualisation
  • Le résultat moyen est 106 sur 221
Statistiques - réponses
Hint Réponse % Correct
1 naruto
99%
4 kakashi
97%
3 sakura
97%
2 sasuke
97%
144 shi
97%
16 hinata
93%
10 ino
93%
9 shikamaru
93%
12 asuma
91%
11 choji
91%
5 gai
91%
14 kiba
91%
27 minato
91%
8 neji
91%
23 orochimaru
91%
175 shin
91%
24 hashirama
90%
6 lee
90%
7 tenten
90%
20 gaara
89%
13 kurenai
89%
50 obito
89%
15 shino
89%
21 jiraya
88%
25 tobirama
88%
22 tsunade
88%
43 deidara
86%
26 hiruzen
86%
18 temari
86%
41 itachi
85%
19 kankuro
85%
85 kin
85%
51 nagato
84%
69 dan
83%
156 | 177 fu
83%
42 kisame
83%
28 kushina
83%
176 sai
83%
44 sasori
83%
159 han
82%
46 hidan
82%
47 konan
81%
53 madara
81%
45 kakuzu
80%
161 killer bee
80%
200 danzo
79%
212 yamato
77%
34 kabuto
76%
133 karin
76%
29 konohamaru
74%
149 mei
74%
72 shikaku
74%
134 suigetsu
74%
52 yahiko
74%
70 choza
73%
40 shisui
73%
143 darui
72%
104 akamaru
71%
39 fugaku
71%
71 inoichi
71%
211 rin
71%
35 zabuza
71%
17 baki
70%
36 haku
70%
33 iruka
69%
132 jugo
69%
84 kimimaro
69%
32 ebisu
68%
205 kaguya
67%
157 utakata
67%
54 anko
66%
119 kyubi
66%
182 omoi
66%
138 onoki
66%
181 karui
65%
30 moegi
64%
155 yagura
64%
110 gama
63%
37 shizune
63%
55 ibiki
62%
31 udon
62%
74 Chiyo
61%
106 gamabunta
61%
82 tayuya
61%
151 ao
60%
81 jirobo
60%
160 yugito
60%
150 chojuro
59%
158 roshi
59%
179 samui
59%
48 zetsu noir
59%
58 hiashi
57%
83 kidomaru
57%
207 hagoromo
56%
79 sakon
56%
107 gamakichi
55%
105 hana
55%
59 hizashi
55%
80 ukon
55%
137 mu
54%
57 | 146 rasa
54%
49 zetsu blanc
54%
78 hanabi
53%
204 genma
52%
209 indra
52%
129 mito
52%
96 pakkun
52%
73 shibi
50%
124 hachibi
49%
197 kurotsuchi
49%
169 hanzo
48%
121 ichibi
48%
38 mikoto
48%
114 sakumo
48%
109 gamatatsu
47%
128 sanbi
47%
208 ashura
46%
116 katsuyu
45%
178 torune
45%
185 kinkaku
43%
198 akatsuchi
41%
186 ginkaku
41%
206 hamura
41%
115 manda
41%
125 jubi
40%
108 gamaken
39%
122 nibi
39%
214 aoba
38%
120 yonbi
38%
68 nawaki
37%
135 mangetsu
36%
126 rokubi
36%
123 gobi
35%
131 pakura
34%
201 kotetsu
33%
168 mifune
33%
127 nanabi
33%
202 izumo
32%
93 tsume
31%
111 gamahiro
30%
63 gato
29%
77 koharu
29%
62 mizuki
29%
64 ayame
28%
61 dosu
28%
183 motoi
28%
60 zaku
28%
184 ebizo
27%
66 tazuna
27%
65 teuchi
27%
117 gamamaru
26%
194 kagami
26%
221 dai
23%
165 jinpachi
22%
203 raido
22%
67 inari
21%
180 mabui
21%
145 shamon
20%
147 reto
19%
213 yugao
19%
152 byakuren
18%
219 kitsuchi
18%
166 kushimaru
18%
188 shiho
18%
163 ameyuri ringo
17%
199 atsui
17%
210 toneri
17%
75 yashamaru
17%
164 fuguki
16%
154 ishikawa
16%
86 yoroi
16%
56 gekko
15%
118 gerotora
15%
140 3eme raikage
14%
139 4eme raikage
14%
215 dodai
14%
89 matsuri
14%
113 fugasaku
13%
173 gari
13%
192 tajima
13%
94 karura
12%
88 tsunami
12%
142 1er raikage
11%
141 2eme raikage
11%
187 biwako
11%
193 muta
11%
92 yoshino
11%
148 3eme kazekage
10%
98 bull
10%
162 bunpuku
10%
189 butsuma
10%
95 kamatari
10%
97 | 112 shiba
10%
101 bisuke
9%
216 blue bee
9%
174 chukichi
9%
136 gegetsu
9%
90 gozu
9%
191 itama
9%
91 meizu
9%
220 oboro
9%
100 uhei
9%
153 3eme mizukage
7%
167 akebino jinin
7%
103 akino
7%
130 ashina
7%
102 guruko
7%
218 ittan
7%
190 kawarama
7%
99 urushi
7%
195 ensui
6%
76 homaru
6%
217 tatami
6%
87 tsurugi
6%
172 ponta
5%
196 santa
5%
170 yakushi nono
5%
171 sabu
4%
Aucun quiz correspondant
Distribution des résultats
% des personnes avec chaque résultat
Percentile par nombre de réponses
Votre historique - résultats
Vous n’avez pas pris ce quiz depuis la dernière actualisation